Integer programming

Αποθηκεύτηκε σε:
Λεπτομέρειες βιβλιογραφικής εγγραφής
Κύριος συγγραφέας: Wolsey, Laurence A.
Μορφή: Βιβλίο
Γλώσσα:English
Δημοσίευση: New York ; : Chichester : Wiley, c1998
Σειρά:Wiley-Interscience series in discrete mathematics and optimization
Θέματα:
Ετικέτες: Προσθήκη ετικέτας
Δεν υπάρχουν, Καταχωρήστε ετικέτα πρώτοι!

MARC

LEADER 00000nam a2200000 i 4500
001 1/5631
008 000607s1998 eng d
020 |a 978-0-471-28366-9 (hbk.) 
020 |a 0471283665 
035 |l 10061653 
040 |a GR-MY-UA  |b gre  |e aacr 
041 0 |a eng 
082 0 |a 519.77  |2 (22) 
100 1 |a Wolsey, Laurence A. 
245 1 0 |a Integer programming /  |c Laurence A. Wolsey 
260 |a New York ; :   |a Chichester :   |b Wiley,   |c c1998 
300 |a xviii, 264 σ.;  |b σχέδια, πιν.;  |c 25 εκ. 
490 1 |a Wiley-Interscience series in discrete mathematics and optimization 
504 |a Βιβλιογραφία: σ.245-260. Ευρετήριο 
650 0 0 |a Integer programming. 
830 0 |a Wiley-Interscience series in discrete mathematics and optimization 
852 |a INST  |b CHIOS  |e 20070822  |h 519.77 WOL  |p 005200025631  |q 005200025631  |t BK  |y 0 
852 |a INST  |b CHIOS  |e 20060807  |h 519.77 WOL  |p 005200026334  |q 005200026334  |t BK  |y 0 
852 |a INST  |b SAMOS  |e 20000607  |h 519.77 WOL  |p 005300019691  |q 005300019691  |t BK  |y 0 
852 |a INST  |b SAMOS  |e 20150116  |h 519.77 WOL  |p 005300041247  |q 005300041247  |t BK  |y 0 
901 |a BIBL3-2015-1 
901 |a BIBL3-2000-2 
901 |a BIBL2-2006-2 
901 |a BIBL2-2007-2 
909 |a Σ  |b 189165 
909 |a Χ  |b 128773 
909 |a Χ  |b 138148 
909 |a Σ  |b 078076 
920 |a ΑΝΑΜΟΡΦΩΣΗ  |b ΕΠΕΑΕΚ ΙΙ - ΤΔΕ  |y ΧΙΟΣ  |z 2006-06 
922 |a 3ΕΛΗ  |b 201405  |c ΤΣΑΧΜ  |d ΔΙΑΔΡΟΜΕΣ 
922 |a 3ΕΛΗ  |b 200005  |c ΒΙΒΛΙΟΘΗΚΗ  |d ΠΑΠΑΣΩΤΗΡΙΟΥ 
922 |a 2ΕΛΗ  |b 200707  |c ΕΠΕΑΕΚ2/ΤΜΟΔ  |d ΠΑΠΑΣΩΤΗΡΙΟΥ 
950 |a 127-1999-12-03 
970 |a ΚΟΣΙΕΡΗΣ  |b ΧΡΗΣΤΟΣ  |z 2015/01/15